000 00366cam a22001094a 4500
050 0 0 _aRJ506.P66
_bI54 2005
245 0 0 _aIn harm's way :
_baiding children exposed to trauma /
_cprepared for a Grantmakers in Health issue dialogue, Denver CO.
260 _aWashington, DC :
_bGrantmakers in Health,
_cc2005.
300 _a30 p. ;
650 0 _xTreatment.
942 _2lcc
_cGEN
999 _c11095
_d11095